000 00699nam a2200241Ia 4500
003 OSt
005 20220926004936.0
006 a|||||r|||| 00| 0
007 ta
008 220923b |||||||| |||| 00| 0 eng d
020 _a0761932267
037 _cGeneral Book
040 _aRTL
_cRTL
_beng
041 _2eng
_aeng
082 _aY73(Q7).2.N9, P4
100 _aMisra Amalendu
_929999
245 0 _aIdentity and religion
_b Foundations of ant-Islamis in India
260 _a New Delhi
_bSage Publication
_c2004
300 _a262p
_ccm.
500 _aBibliography : P 244-257
942 _hY73(Q7).2.N9, P4
_cGB
_2CC
999 _c612674
_d612674